000 00775nam a2200265Ia 4500
005 20260429112132.0
008 260429s9999||||xx |||||||||||||| ||und||
020 _a9781041037200
041 _aEnglish
082 _a613.71
_bDAV
100 _aDavison, R. C. Richard
245 0 _aSport and exercise physiology testing guidelines :
_bvolume II - exercise and clinical testing /
_cR. C. Richard Davison
250 _a5th ed.
260 _aLondon :
_bRoutledge,
_c2025.
300 _axvii, 324 p.; pbk
650 _a Exercise
650 _a Sport
650 _aPhysiology
700 _a Bottoms, Lindsay
700 _a Hettinga, Florentina, Tew, Garry
700 _a Hopker, James
700 _a Price, Michael J.
700 _a Smith, Paul M.
942 _cTB
999 _c52533
_d52533